Herbivore Types - Statistics

General Stats
  • This quiz has been taken 3 times
  • The average score is 4 of 10
Answer Stats
Hint Answer % Correct
Folivore Leaves
100%
Nectarivore Nectar
100%
Frugivore Fruit
67%
Graminivore Grasses
33%
Granivore Seeds
33%
Gummivore Tree sap | Gum
33%
Xylophage Wood
33%
Exudativore Exudates
0%
Florivore Flower tissue
0%
Palyniovre Pollen
0%
No matching quizzes found
Score Distribution
Percent of People with Each Score
Percentile by Number Answered
Your Score History
You have not taken this quiz